000 00421nam a22001697a 4500
003 OSt
005 20140310182000.0
008 130727t xxu||||| |||| 00| 0 eng d
050 _aPR 4854
_b.K57 [c.a 1980]
082 _aCLA
_bK62j 19
100 _aKipling, Rudyard
_92818
245 _aThe jungle book /
_cRudyard Kipling.
300 _a181 p. :
_c20 cm.
541 _j1
562 _e1
942 _2lcc
_cBBK
_kCLA
999 _c7991
_d7991